000 00952nam a2200277 i 4500
001 bg
100 1 _aPEITGEN, Heinz-Otto
_d(1945- )
245 1 0 _aFraktale :
_bgranice chaosu.
_nCz.1 /
_cH.-O. Peitgen, H. Jürgens, D. Saupe ; z ang. przeł. K. Pietruska-Pałuba, K. Winkowska-Nowak.
246 _iTyt. oryg.:
_aFractals for the classroom
250 _aWyd. 2 popr.
260 _aWarszawa :
_bWydaw. Naukowe PWN,
_c1997.
300 _a543, [1] s. :
_bfot., rys., wykr., err. ;
_c25 cm +
_edyskietka.
500 _aOryg. : "Fractals for the classroom" 1992.
504 _aBibliogr. s. 526-537. - Indeks.
650 9 _aGeometria fraktalna
655 _aPodręczniki
700 1 _aJÜRGENS, Hartmut
_d(1955- )
700 1 _aSAUPE, Dietmar
_d(1954- )
020 _a8301117842 (cz. 1)
040 _cBPK
041 1 _apl
_hen
080 _a514(07)
920 _a83-01-11784-2 (cz. 1)
942 _cKS
008 s pl f |000 0 pol
999 _c36715
_d36715
856 _uhttp://koha.tu.koszalin.pl/cgi-bin/koha/opac-detail.pl?biblionumber=36715
_yKatalog online BPK